Narraciones geográficas. Canarias

Gespeichert in:
Bibliographische Detailangaben
1. Verfasser: Diego Cuscoy, Luis Autor
Weitere Verfasser: González, Martín Ilustrador Viñals, José
Format: keine Angabe
Sprache:Spanisch
Erschienen: Barcelona,España Seix y Barral Hermanos 1944
Katalog:MANES:  Suchergebnis im Bibliothekskatalog
Schulbuchspezifische Eigenschaften:
Tags: Tag hinzufügen
Keine Tags, Fügen Sie den ersten Tag hinzu!
Hinzugefügt zu:26.04.2016

MARC

LEADER 000000000a22000000004500
001 21063
003 OSt
008 160427s sp ||||| |||| 00| 0 spa d
041 1 |a spa 
040 |c centro_manes 
691 7 |a PRI 
100 1 |a Diego Cuscoy, Luis  |b Autor  |9 13973 
700 1 |a González, Martín  |b Ilustrador  |9 13974  |a Viñals, José  |9 13975 
245 0 0 |a Narraciones geográficas. Canarias 
260 3 |a Barcelona,España  |b Seix y Barral Hermanos  |c 1944 
300 |a 123 p.  |c 18 x 14 cm. 
690 7 |a GEO 
942 |2 ddc  |c BK 
546 |a España 
999 |c 26340  |d 26340 
999 |c manes:26340  |d 26340